000 00361 a2200157 4500
001 194286
020 _a978-85-250-5324-4
040 _cMagnum
100 _aLobato, Monteiro
240 1 0 _aA história de Emília
_lpor
245 1 0 _aA história de Emília
300 _a31
362 0 _a2013
697 _aLÍNGUA - LINGÜÍSTICA - LITERATURA
942 _cBK
999 _c194286
_d194286